Clinical cases in fluid and electrolyte balance: an acute care approach. / (Record no. 5774)

MARC details
000 -LEADER
fixed length control field 00965nam a22001697a 4500
008 - FIXED-LENGTH DATA ELEMENTS--GENERAL INFORMATION
fixed length control field 151006b xxu||||| |||| 00| 0 eng d
020 ## - INTERNATIONAL STANDARD BOOK NUMBER
International Standard Book Number 9780070165625
050 ## - LIBRARY OF CONGRESS CALL NUMBER
Item number RC630.C68
100 ## - MAIN ENTRY--PERSONAL NAME
Personal name Couser, Geoffrey
245 ## - TITLE STATEMENT
Title Clinical cases in fluid and electrolyte balance: an acute care approach. /
Statement of responsibility, etc. Geoffrey Couser and Justin T. Walls
260 ## - PUBLICATION, DISTRIBUTION, ETC.
Place of publication, distribution, etc. Sydney:
Name of publisher, distributor, etc. McGraw Hill,
Date of publication, distribution, etc. c2009.
300 ## - PHYSICAL DESCRIPTION
Extent xii,, 176p.
Other physical details ill;
Dimensions 21cm.
500 ## - GENERAL NOTE
General note Includes index
505 ## - FORMATTED CONTENTS NOTE
Formatted contents note Contents: Julia was feeling woozy -- Ailsa was feeling the heat -- Jack couldn't stop vomiting -- Grace isn't herself; she looks sick -- My Husband's got terrible pain in his belly and now he's collapsed I need an ambulance now -- John was hit hard by the flu -- Mr Wallis couldn't breathe -- Mark had a pain in his belly that wouldn't go away -- Jane just couldn't breathe -- No one knows who he is and why he's so unwell -- Appendix: map of cases.
700 ## - ADDED ENTRY--PERSONAL NAME
Personal name Walls, Justin T.
942 ## - ADDED ENTRY ELEMENTS (KOHA)
Source of classification or shelving scheme Library of Congress Classification
Koha item type Books
Holdings
Withdrawn status Lost status Source of classification or shelving scheme Damaged status Not for loan Home library Current library Shelving location Date acquired Total Checkouts Full call number Barcode Date last seen Price effective from Koha item type
    Library of Congress Classification     WISCONSIN INTERNATIONAL UNIVERSITY COLLEGE, GHANA - MAIN LIBRARY WISCONSIN INTERNATIONAL UNIVERSITY COLLEGE, GHANA - MAIN LIBRARY nursing 06/10/2015   RC630.C68 NURS/223/15 06/10/2015 06/10/2015 Books

If you have any concerns or questions; kindly contact the library


© Powered by WIUC ICT DIRECTORATE